UBT Library

DIZAJNI GRAFIK (Record no. 37341)

000 -LEADER
fixed length control field 00279nam a22001337a 4500
008 - FIXED-LENGTH DATA ELEMENTS--GENERAL INFORMATION
fixed length control field 171102b xxu||||| |||| 00| 0 eng d
020 ## - INTERNATIONAL STANDARD BOOK NUMBER
International Standard Book Number 9789951882507
041 ## - LANGUAGE CODE
Language code of text/sound track or separate title alb
080 ## - UNIVERSAL DECIMAL CLASSIFICATION NUMBER
Universal Decimal Classification number 7
100 ## - Rafti
Rafti 44
101 ## - Shkurtesa
Shkurtesa ART
245 ## - TITLE STATEMENT
Title DIZAJNI GRAFIK
Statement of responsibility, etc GUSIA,M
942 ## - ADDED ENTRY ELEMENTS (KOHA)
Source of classification or shelving scheme
Item type Books
Holdings
Withdrawn status Lost status Source of classification or shelving scheme Damaged status Not for loan Collection code Permanent location Current location Shelving location Date acquired Total Checkouts Full call number Barcode Date last seen Price effective from Koha item type
          Koleksioni i përgjithshem UBT - Lipjan UBT - Lipjan Koleksioni i përgjithshem 11/02/2017   7 GUS 002-2936633 11/02/2017 11/02/2017 Books
          Koleksioni i përgjithshem UBT - Lipjan UBT - Lipjan Koleksioni i përgjithshem 11/02/2017   7 GUS 002-2936628 11/02/2017 11/02/2017 Books
          Koleksioni i përgjithshem UBT - Lipjan UBT - Lipjan Koleksioni i përgjithshem 11/02/2017   7 GUS 002-2936623 11/02/2017 11/02/2017 Books
            UBT - Lipjan UBT - Lipjan   12/19/2022   7GUS 002-8000287002601174 12/19/2022 12/19/2022 Books
            UBT - Lipjan UBT - Lipjan   12/19/2022   7GUS 002-8000287002601176 12/19/2022 12/19/2022 Books
            UBT - Lipjan UBT - Lipjan   12/19/2022   7GUS 002-8000287002601177 12/19/2022 12/19/2022 Books
            UBT - Lipjan UBT - Lipjan   12/19/2022   7GUS 002-8000287002601178 12/19/2022 12/19/2022 Books
            UBT - Lipjan UBT - Lipjan   12/19/2022   7GUS 002-8000287002601179 12/19/2022 12/19/2022 Books
UBT Library © 2015-2024. All rights reserved University Education for Business and Technology